<?xml version="1.0" encoding="UTF-8"?>
<marc:record xmlns:marc="http://www.loc.gov/MARC21/slim" type="Bibliographic">
   <marc:leader>00000nam a2200000 c 4500</marc:leader>
   <marc:controlfield tag="001">958833060</marc:controlfield>
   <marc:controlfield tag="003">DE-101</marc:controlfield>
   <marc:controlfield tag="005">20171203085424.0</marc:controlfield>
   <marc:controlfield tag="007">tu</marc:controlfield>
   <marc:controlfield tag="008">000405s2000    gw ||||| |||| 00||||ger  </marc:controlfield>
   <marc:datafield ind1=" " ind2=" " tag="015">
      <marc:subfield code="a">00,A23,1690</marc:subfield>
      <marc:subfield code="2">dnb</marc:subfield>
   </marc:datafield>
   <marc:datafield ind1="7" ind2=" " tag="016">
      <marc:subfield code="2">DE-101</marc:subfield>
      <marc:subfield code="a">958833060</marc:subfield>
   </marc:datafield>
   <marc:datafield ind1=" " ind2=" " tag="020">
      <marc:subfield code="a">9783446198746</marc:subfield>
      <marc:subfield code="c">Gewebe : DM 58.00, EUR 29.65</marc:subfield>
      <marc:subfield code="9">978-3-446-19874-6</marc:subfield>
   </marc:datafield>
   <marc:datafield ind1=" " ind2=" " tag="020">
      <marc:subfield code="a">3446198741</marc:subfield>
      <marc:subfield code="c">Gewebe : DM 58.00, EUR 29.65</marc:subfield>
      <marc:subfield code="9">3-446-19874-1</marc:subfield>
   </marc:datafield>
   <marc:datafield ind1=" " ind2=" " tag="035">
      <marc:subfield code="a">(DE-599)DNB958833060</marc:subfield>
   </marc:datafield>
   <marc:datafield ind1=" " ind2=" " tag="035">
      <marc:subfield code="a">(OCoLC)76112591</marc:subfield>
   </marc:datafield>
   <marc:datafield ind1=" " ind2=" " tag="040">
      <marc:subfield code="a">1240</marc:subfield>
      <marc:subfield code="b">ger</marc:subfield>
      <marc:subfield code="c">DE-101</marc:subfield>
      <marc:subfield code="d">9999</marc:subfield>
   </marc:datafield>
   <marc:datafield ind1=" " ind2=" " tag="041">
      <marc:subfield code="a">ger</marc:subfield>
      <marc:subfield code="h">ita</marc:subfield>
   </marc:datafield>
   <marc:datafield ind1=" " ind2=" " tag="043">
      <marc:subfield code="c">XA-IT</marc:subfield>
      <marc:subfield code="c">XA-IT</marc:subfield>
   </marc:datafield>
   <marc:datafield ind1=" " ind2=" " tag="044">
      <marc:subfield code="c">XA-DE</marc:subfield>
   </marc:datafield>
   <marc:datafield ind1="7" ind2="4" tag="082">
      <marc:subfield code="a">850</marc:subfield>
      <marc:subfield code="a">B</marc:subfield>
      <marc:subfield code="q">DE-101</marc:subfield>
      <marc:subfield code="2">22sdnb</marc:subfield>
   </marc:datafield>
   <marc:datafield ind1=" " ind2=" " tag="084">
      <marc:subfield code="a">9.3d</marc:subfield>
      <marc:subfield code="a">8.2a</marc:subfield>
      <marc:subfield code="a">7.3</marc:subfield>
      <marc:subfield code="a">27.9f</marc:subfield>
      <marc:subfield code="a">17.1</marc:subfield>
      <marc:subfield code="a">8.1</marc:subfield>
      <marc:subfield code="q">DE-101</marc:subfield>
      <marc:subfield code="2">sswd</marc:subfield>
   </marc:datafield>
   <marc:datafield ind1=" " ind2=" " tag="090">
      <marc:subfield code="a">b</marc:subfield>
   </marc:datafield>
   <marc:datafield ind1="1" ind2=" " tag="100">
      <marc:subfield code="0">(DE-588)118577409</marc:subfield>
      <marc:subfield code="0">http://d-nb.info/gnd/118577409</marc:subfield>
      <marc:subfield code="0">(DE-101)118577409</marc:subfield>
      <marc:subfield code="a">Manzoni, Alessandro</marc:subfield>
      <marc:subfield code="d">1785-1873</marc:subfield>
      <marc:subfield code="e">Verfasser</marc:subfield>
      <marc:subfield code="4">aut</marc:subfield>
   </marc:datafield>
   <marc:datafield ind1="0" ind2="0" tag="245">
      <marc:subfield code="a">&#x98;Die&#x9c; Brautleute</marc:subfield>
      <marc:subfield code="b">= &#x98;I&#x9c; promessi sposi</marc:subfield>
      <marc:subfield code="c">Alessandro Manzoni. Dt. von Burkhart Kroeber</marc:subfield>
   </marc:datafield>
   <marc:datafield ind1="1" ind2="1" tag="246">
      <marc:subfield code="a">&#x98;I&#x9c; promessi sposi</marc:subfield>
   </marc:datafield>
   <marc:datafield ind1=" " ind2="1" tag="264">
      <marc:subfield code="a">München</marc:subfield>
      <marc:subfield code="a">Wien</marc:subfield>
      <marc:subfield code="b">Hanser</marc:subfield>
      <marc:subfield code="c">2000</marc:subfield>
   </marc:datafield>
   <marc:datafield ind1=" " ind2=" " tag="300">
      <marc:subfield code="a">914 S.</marc:subfield>
      <marc:subfield code="b">Ill.</marc:subfield>
      <marc:subfield code="c">19 cm</marc:subfield>
   </marc:datafield>
   <marc:datafield ind1=" " ind2=" " tag="336">
      <marc:subfield code="a">Text</marc:subfield>
      <marc:subfield code="b">txt</marc:subfield>
      <marc:subfield code="2">rdacontent</marc:subfield>
   </marc:datafield>
   <marc:datafield ind1=" " ind2=" " tag="337">
      <marc:subfield code="a">ohne Hilfsmittel zu benutzen</marc:subfield>
      <marc:subfield code="b">n</marc:subfield>
      <marc:subfield code="2">rdamedia</marc:subfield>
   </marc:datafield>
   <marc:datafield ind1=" " ind2=" " tag="338">
      <marc:subfield code="a">Band</marc:subfield>
      <marc:subfield code="b">nc</marc:subfield>
      <marc:subfield code="2">rdacarrier</marc:subfield>
   </marc:datafield>
   <marc:datafield ind1=" " ind2="7" tag="648">
      <marc:subfield code="a">Geschichte 1628-1650</marc:subfield>
      <marc:subfield code="2">gnd</marc:subfield>
   </marc:datafield>
   <marc:datafield ind1=" " ind2="7" tag="648">
      <marc:subfield code="a">Geschichte 1628-1650</marc:subfield>
      <marc:subfield code="2">gnd</marc:subfield>
   </marc:datafield>
   <marc:datafield ind1=" " ind2="7" tag="650">
      <marc:subfield code="0">(DE-588)4049012-9</marc:subfield>
      <marc:subfield code="0">http://d-nb.info/gnd/4049012-9</marc:subfield>
      <marc:subfield code="0">(DE-101)040490122</marc:subfield>
      <marc:subfield code="a">Regierung</marc:subfield>
      <marc:subfield code="2">gnd</marc:subfield>
   </marc:datafield>
   <marc:datafield ind1=" " ind2="7" tag="650">
      <marc:subfield code="0">(DE-588)4189921-0</marc:subfield>
      <marc:subfield code="0">http://d-nb.info/gnd/4189921-0</marc:subfield>
      <marc:subfield code="0">(DE-101)041899210</marc:subfield>
      <marc:subfield code="a">Willkür</marc:subfield>
      <marc:subfield code="2">gnd</marc:subfield>
   </marc:datafield>
   <marc:datafield ind1=" " ind2="7" tag="650">
      <marc:subfield code="0">(DE-588)4045326-1</marc:subfield>
      <marc:subfield code="0">http://d-nb.info/gnd/4045326-1</marc:subfield>
      <marc:subfield code="0">(DE-101)04045326X</marc:subfield>
      <marc:subfield code="a">Pest</marc:subfield>
      <marc:subfield code="2">gnd</marc:subfield>
   </marc:datafield>
   <marc:datafield ind1=" " ind2="7" tag="650">
      <marc:subfield code="0">(DE-588)4210529-8</marc:subfield>
      <marc:subfield code="0">http://d-nb.info/gnd/4210529-8</marc:subfield>
      <marc:subfield code="0">(DE-101)042105293</marc:subfield>
      <marc:subfield code="a">Braut</marc:subfield>
      <marc:subfield code="2">gnd</marc:subfield>
   </marc:datafield>
   <marc:datafield ind1=" " ind2="7" tag="650">
      <marc:subfield code="0">(DE-588)4322419-2</marc:subfield>
      <marc:subfield code="0">http://d-nb.info/gnd/4322419-2</marc:subfield>
      <marc:subfield code="0">(DE-101)043224199</marc:subfield>
      <marc:subfield code="a">Bräutigam</marc:subfield>
      <marc:subfield code="2">gnd</marc:subfield>
   </marc:datafield>
   <marc:datafield ind1=" " ind2="7" tag="650">
      <marc:subfield code="0">(DE-588)4127664-4</marc:subfield>
      <marc:subfield code="0">http://d-nb.info/gnd/4127664-4</marc:subfield>
      <marc:subfield code="0">(DE-101)041276647</marc:subfield>
      <marc:subfield code="a">Verfolgung</marc:subfield>
      <marc:subfield code="2">gnd</marc:subfield>
   </marc:datafield>
   <marc:datafield ind1=" " ind2="7" tag="651">
      <marc:subfield code="0">(DE-588)4037101-3</marc:subfield>
      <marc:subfield code="0">http://d-nb.info/gnd/4037101-3</marc:subfield>
      <marc:subfield code="0">(DE-101)040371018</marc:subfield>
      <marc:subfield code="a">Herzogtum Mailand</marc:subfield>
      <marc:subfield code="2">gnd</marc:subfield>
   </marc:datafield>
   <marc:datafield ind1=" " ind2="7" tag="651">
      <marc:subfield code="0">(DE-588)4090516-0</marc:subfield>
      <marc:subfield code="0">http://d-nb.info/gnd/4090516-0</marc:subfield>
      <marc:subfield code="0">(DE-101)040905160</marc:subfield>
      <marc:subfield code="a">Comer See</marc:subfield>
      <marc:subfield code="2">gnd</marc:subfield>
   </marc:datafield>
   <marc:datafield ind1=" " ind2="7" tag="655">
      <marc:subfield code="0">(DE-588)1071854844</marc:subfield>
      <marc:subfield code="0">http://d-nb.info/gnd/1071854844</marc:subfield>
      <marc:subfield code="0">(DE-101)1071854844</marc:subfield>
      <marc:subfield code="a">Fiktionale Darstellung</marc:subfield>
      <marc:subfield code="2">gnd-content</marc:subfield>
   </marc:datafield>
   <marc:datafield ind1=" " ind2="7" tag="655">
      <marc:subfield code="a">Belletristische Darstellung</marc:subfield>
      <marc:subfield code="2">gnd</marc:subfield>
   </marc:datafield>
   <marc:datafield ind1=" " ind2="7" tag="655">
      <marc:subfield code="a">Belletristische Darstellung</marc:subfield>
      <marc:subfield code="2">gnd</marc:subfield>
   </marc:datafield>
   <marc:datafield ind1="0" ind2="0" tag="689">
      <marc:subfield code="0">(DE-588)4037101-3</marc:subfield>
      <marc:subfield code="0">http://d-nb.info/gnd/4037101-3</marc:subfield>
      <marc:subfield code="0">(DE-101)040371018</marc:subfield>
      <marc:subfield code="D">g</marc:subfield>
      <marc:subfield code="a">Herzogtum Mailand</marc:subfield>
   </marc:datafield>
   <marc:datafield ind1="0" ind2="1" tag="689">
      <marc:subfield code="0">(DE-588)4049012-9</marc:subfield>
      <marc:subfield code="0">http://d-nb.info/gnd/4049012-9</marc:subfield>
      <marc:subfield code="0">(DE-101)040490122</marc:subfield>
      <marc:subfield code="D">s</marc:subfield>
      <marc:subfield code="a">Regierung</marc:subfield>
   </marc:datafield>
   <marc:datafield ind1="0" ind2="2" tag="689">
      <marc:subfield code="0">(DE-588)4189921-0</marc:subfield>
      <marc:subfield code="0">http://d-nb.info/gnd/4189921-0</marc:subfield>
      <marc:subfield code="0">(DE-101)041899210</marc:subfield>
      <marc:subfield code="D">s</marc:subfield>
      <marc:subfield code="a">Willkür</marc:subfield>
   </marc:datafield>
   <marc:datafield ind1="0" ind2="3" tag="689">
      <marc:subfield code="0">(DE-588)4045326-1</marc:subfield>
      <marc:subfield code="0">http://d-nb.info/gnd/4045326-1</marc:subfield>
      <marc:subfield code="0">(DE-101)04045326X</marc:subfield>
      <marc:subfield code="D">s</marc:subfield>
      <marc:subfield code="a">Pest</marc:subfield>
   </marc:datafield>
   <marc:datafield ind1="0" ind2="4" tag="689">
      <marc:subfield code="A">z</marc:subfield>
      <marc:subfield code="a">Geschichte 1628-1650</marc:subfield>
   </marc:datafield>
   <marc:datafield ind1="0" ind2="5" tag="689">
      <marc:subfield code="A">f</marc:subfield>
      <marc:subfield code="a">Belletristische Darstellung</marc:subfield>
   </marc:datafield>
   <marc:datafield ind1="0" ind2=" " tag="689">
      <marc:subfield code="5">DE-101</marc:subfield>
      <marc:subfield code="5">DE-101</marc:subfield>
   </marc:datafield>
   <marc:datafield ind1="1" ind2="0" tag="689">
      <marc:subfield code="0">(DE-588)4090516-0</marc:subfield>
      <marc:subfield code="0">http://d-nb.info/gnd/4090516-0</marc:subfield>
      <marc:subfield code="0">(DE-101)040905160</marc:subfield>
      <marc:subfield code="D">g</marc:subfield>
      <marc:subfield code="a">Comer See</marc:subfield>
   </marc:datafield>
   <marc:datafield ind1="1" ind2="1" tag="689">
      <marc:subfield code="0">(DE-588)4210529-8</marc:subfield>
      <marc:subfield code="0">http://d-nb.info/gnd/4210529-8</marc:subfield>
      <marc:subfield code="0">(DE-101)042105293</marc:subfield>
      <marc:subfield code="D">s</marc:subfield>
      <marc:subfield code="a">Braut</marc:subfield>
   </marc:datafield>
   <marc:datafield ind1="1" ind2="2" tag="689">
      <marc:subfield code="0">(DE-588)4322419-2</marc:subfield>
      <marc:subfield code="0">http://d-nb.info/gnd/4322419-2</marc:subfield>
      <marc:subfield code="0">(DE-101)043224199</marc:subfield>
      <marc:subfield code="D">s</marc:subfield>
      <marc:subfield code="a">Bräutigam</marc:subfield>
   </marc:datafield>
   <marc:datafield ind1="1" ind2="3" tag="689">
      <marc:subfield code="0">(DE-588)4127664-4</marc:subfield>
      <marc:subfield code="0">http://d-nb.info/gnd/4127664-4</marc:subfield>
      <marc:subfield code="0">(DE-101)041276647</marc:subfield>
      <marc:subfield code="D">s</marc:subfield>
      <marc:subfield code="a">Verfolgung</marc:subfield>
   </marc:datafield>
   <marc:datafield ind1="1" ind2="4" tag="689">
      <marc:subfield code="A">z</marc:subfield>
      <marc:subfield code="a">Geschichte 1628-1650</marc:subfield>
   </marc:datafield>
   <marc:datafield ind1="1" ind2="5" tag="689">
      <marc:subfield code="A">f</marc:subfield>
      <marc:subfield code="a">Belletristische Darstellung</marc:subfield>
   </marc:datafield>
   <marc:datafield ind1="1" ind2=" " tag="689">
      <marc:subfield code="5">DE-101</marc:subfield>
      <marc:subfield code="5">DE-101</marc:subfield>
   </marc:datafield>
   <marc:datafield ind1="1" ind2=" " tag="700">
      <marc:subfield code="0">(DE-588)124432387</marc:subfield>
      <marc:subfield code="0">http://d-nb.info/gnd/124432387</marc:subfield>
      <marc:subfield code="0">(DE-101)124432387</marc:subfield>
      <marc:subfield code="a">Kroeber, Burkhart</marc:subfield>
      <marc:subfield code="d">1940-</marc:subfield>
      <marc:subfield code="e">Übersetzer</marc:subfield>
      <marc:subfield code="4">trl</marc:subfield>
   </marc:datafield>
   <marc:datafield ind1="1" ind2="2" tag="700">
      <marc:subfield code="a">Manzoni, Alessandro</marc:subfield>
      <marc:subfield code="d">1785-1873</marc:subfield>
      <marc:subfield code="t">&#x98;I&#x9c; promessi sposi</marc:subfield>
      <marc:subfield code="g">dt.</marc:subfield>
   </marc:datafield>
   <marc:datafield ind1=" " ind2=" " tag="850">
      <marc:subfield code="a">DE-101a</marc:subfield>
      <marc:subfield code="a">DE-101b</marc:subfield>
   </marc:datafield>
   <marc:datafield ind1="r" ind2=" " tag="925">
      <marc:subfield code="a">ra</marc:subfield>
   </marc:datafield>
</marc:record>
